Problemas resueltos de teoría de máquinas y mecanismos
Αποθηκεύτηκε σε:
| Κύριοι συγγραφείς: | , , , , |
|---|---|
| Μορφή: | Βιβλίο |
| Γλώσσα: | Ισπανικά |
| Έκδοση: |
Ciudad de México
Alfaomega
2004
|
| Έκδοση: | 1a. ed |
| Θέματα: | |
| Ετικέτες: |
Προσθήκη ετικέτας
Δεν υπάρχουν, Καταχωρήστε ετικέτα πρώτοι!
|
MARC
| LEADER | 00000nam a2200000 a 4500 | ||
|---|---|---|---|
| 001 | UCK3540 | ||
| 003 | CL-VaPUC | ||
| 008 | 050429e20040000MX |||||||||||||||||spa|d | ||
| 020 | |a 9701508882 | ||
| 082 | 0 | 4 | |a 621.8 |b SUÑ |2 21 |
| 100 | 0 | |a Suñer Martínez, Josep-Lluís |e author |9 491613 | |
| 700 | 0 | |a Rubio Montoya, Francisco José |e author |9 491614 | |
| 700 | 0 | |a Mata Amela, Vicente |e author |9 491615 | |
| 700 | 0 | |a Albelda Vitoria, José |e author |9 491616 | |
| 700 | 0 | |a Cuadrado Iglesias, Juan Ignacio |e author |9 491617 | |
| 245 | 1 | 0 | |a Problemas resueltos de teoría de máquinas y mecanismos |
| 250 | |a 1a. ed | ||
| 300 | |a 330 p | ||
| 942 | |c BK | ||
| 945 | |d 20050429 00:00:00 |a cmena | ||
| 260 | |a Ciudad de México |b Alfaomega |c 2004 | ||
| 650 | 7 | |a ELEMENTOS DE MAQUINAS |2 CL-VaPUC |9 491618 | |
| 650 | 0 | |a Engranajes |9 271783 | |
| 650 | 7 | |a LEVAS |2 CL-VaPUC |9 427295 | |
| 583 | |a last modification |c 20050429 00:00:00 |k Rodrigo Vera | ||
| 999 | |c 312675 |d 312673 | ||
| 952 | |0 0 |1 0 |2 ddc |4 0 |6 621_800000000000000_SUÑ_2004 |7 0 |8 A |9 383310 |a BIBMEC |b BIBMEC |d 2019-11-21 |i 411938K |o 621.8 SUÑ 2004 |p 411938K |r 2024-01-19 |w 2019-11-21 |y BK_P |k MEC | ||
| 952 | |0 0 |1 0 |2 ddc |4 0 |6 621_800000000000000_SUÑ_2004 |7 0 |8 A |9 383311 |a BIBMEC |b BIBMEC |d 2019-11-21 |i 4119398 |o 621.8 SUÑ 2004 |p 4119398 |r 2024-01-19 |w 2019-11-21 |y BK_P |k MEC | ||
| 952 | |0 0 |1 0 |2 ddc |4 0 |6 621_800000000000000_SUÑ_2004 |7 0 |8 A |9 383312 |a BIBING |b BIBING |c RES |d 2019-11-21 |i 4128788 |o 621.8 SUÑ 2004 |p 4128788 |r 2025-01-20 |w 2019-11-21 |y BK |k EIE | ||
| 952 | |0 0 |1 0 |2 ddc |4 0 |6 621_800000000000000_SUÑ_2004 |7 0 |8 A |9 383313 |a BIBMEC |b BIBMEC |d 2019-11-21 |i 4544668 |o 621.8 SUÑ 2004 |p 4544668 |r 2024-01-19 |w 2019-11-21 |y BK_P |k MEC | ||
| 952 | |0 0 |1 0 |2 ddc |4 0 |6 621_800000000000000_SUÑ_2004 |7 0 |8 A |9 383314 |a BIBMEC |b BIBMEC |d 2019-11-21 |i 4544676 |o 621.8 SUÑ 2004 |p 4544676 |r 2024-01-19 |w 2019-11-21 |y BK_P |k MEC | ||